000 00458nam a2200169Ia 4500
008 240729s9999 xx 000 0 und d
022 _a2046-4924
245 0 _aHealth Technology Assessment
260 _aUnited Kingdom
260 _bNIHR Journals Library
650 _a Medical technology
650 _a Medicine (General)
650 _aMedicine
856 _uhttps://doaj.org/toc/2a3108cb62f5497d966db16168b495d7
942 _2ddc
942 _cDOAJEJ
999 _c70888
_d70888
945 _a1
_bMadushi Gamage
_c1
_dMadushi Gamage